Religion, power and protest in local communities : the Northern shore of Mediterranean
Saved in:
| Other Authors: | |
|---|---|
| Format: | Book |
| Language: | English |
| Published: |
Berlin :
Mouton,
1984
|
| Series: | Religion and society ;
; 24 |
| Subjects: | |
| Tags: |
Add Tag
No Tags, Be the first to tag this record!
|
MARC
| LEADER | 00000nam a2200000 i 4500 | ||
|---|---|---|---|
| 001 | 1/61037 | ||
| 008 | 930908s eng d | ||
| 020 | |a 3-11-009777-X | ||
| 035 | |a ΛΕΣΒΟΣb10000788 |l 10000788 | ||
| 040 | |a GR-MY-UA |b gre |e aacr | ||
| 041 | 0 | |a eng | |
| 082 | 0 | |a 306.6091822 | |
| 100 | 1 | |a Wolf, Eric R. |4 edt | |
| 245 | 1 | 0 | |a Religion, power and protest in local communities : |b the Northern shore of Mediterranean / |c ed. by Eric R. Wolf |
| 260 | |a Berlin : |b Mouton, |c 1984 | ||
| 300 | |a 265 p. | ||
| 490 | 1 | |a Religion and society |v ; 24 | |
| 500 | |a Includes indexes | ||
| 651 | 0 | |a Mediterranean Region |x Religion |x Congresses. | |
| 830 | 0 | |a Religion and society ; |v ; 24 | |
| 852 | |a INST |b LESVOS |e 19930908 |h 306.6091822 REL |p 005100004717 |q 005100004717 |t BK |y 0 | ||
| 909 | |a Λ |b 018256 | ||